The Life and works of jose rizal / (Record no. 362674)
[ view plain ]
| 000 -LEADER | |
|---|---|
| fixed length control field | 00403nam a2200133Ia 4500 |
| 008 - FIXED-LENGTH DATA ELEMENTS--GENERAL INFORMATION | |
| fixed length control field | 191111s9999 xx 000 0 und d |
| 020 ## - INTERNATIONAL STANDARD BOOK NUMBER | |
| International Standard Book Number | 9789719809364 |
| 100 ## - MAIN ENTRY--PERSONAL NAME | |
| Personal name | Wani-Obias, Rhodalyn. |
| 245 ## - TITLE STATEMENT | |
| Statement of responsibility, etc | Rhodalyn Wani-Obias.-- |
| Title | The Life and works of jose rizal / |
| 260 ## - PUBLICATION, DISTRIBUTION, ETC. (IMPRINT) | |
| Place of publication, distribution, etc | Quezon City : |
| Name of publisher, distributor, etc | C & E Publishing, Inc. |
| Date of publication, distribution, etc | 2018 |
| 300 ## - PHYSICAL DESCRIPTION | |
| Extent | viii, 181 pages. |
| 650 ## - SUBJECT ADDED ENTRY--TOPICAL TERM | |
| Topical term or geographic name as entry element | Nationalists |
| 650 ## - SUBJECT ADDED ENTRY--TOPICAL TERM | |
| Topical term or geographic name as entry element | Philippines |
| Withdrawn status | Lost status | Source of classification or shelving scheme | Damaged status | Home library | Current library | Shelving location | Date acquired | Source of acquisition | Total Checkouts | Full call number | Barcode | Date last seen | Date checked out | Price effective from | Koha item type |
|---|---|---|---|---|---|---|---|---|---|---|---|---|---|---|---|
| Library of Congress Classification | College Library | College Library | Filipiniana Section | 11/11/2019 | Library Fund | 1 | DS 675.8.R5 .Ob12 2018 | C22028 | 11/26/2024 | 09/17/2024 | 11/11/2019 | Books |